Business policy and environment / (Record no. 125301)

MARC details
000 -LEADER
fixed length control field 00674nam a22002297a 4500
005 - DATE AND TIME OF LATEST TRANSACTION
control field 20170124105951.0
010 ## - LIBRARY OF CONGRESS CONTROL NUMBER
LC control number A-806374
020 ## - INTERNATIONAL STANDARD BOOK NUMBER
Terms of availability 75.00
International Standard Book Number 8170140781
035 ## - SYSTEM CONTROL NUMBER
System control number A-806374
037 ## - SOURCE OF ACQUISITION
Source of stock number/acquisition Cen Lib/Ret
040 ## - CATALOGING SOURCE
Original cataloging agency DPL
Language of cataloging EN
082 ## - DEWEY DECIMAL CLASSIFICATION NUMBER
Classification number 338.7
Item number GHO
100 ## - MAIN ENTRY--PERSONAL NAME
Personal name Ghose, P. K.
9 (RLIN) 13652
245 ## - TITLE STATEMENT
Title Business policy and environment /
Statement of responsibility, etc by P. K. Ghose [and] G. K. Kpoor
260 ## - PUBLICATION, DISTRIBUTION, ETC. (IMPRINT)
Place of publication, distribution, etc New Delhi
Name of publisher, distributor, etc Sultan Chand and Sons
Date of publication, distribution, etc 1996
270 ## - ADDRESS
Address 23,Darya Ganj
City New Delhi
Postal code 110002
300 ## - PHYSICAL DESCRIPTION
Extent 470p.
Dimensions 20cm(Hb)
650 ## - SUBJECT ADDED ENTRY--TOPICAL TERM
Topical term or geographic name as entry element Commerce
9 (RLIN) 73784
650 ## - SUBJECT ADDED ENTRY--TOPICAL TERM
Topical term or geographic name as entry element Industrial management
9 (RLIN) 73785
700 ## - ADDED ENTRY--PERSONAL NAME
Personal name Kapoor,G.K.
9 (RLIN) 73786
942 ## - ADDED ENTRY ELEMENTS (KOHA)
Source of classification or shelving scheme Dewey Decimal Classification
Koha item type English Books
Classification part 338.7
Call number suffix GHO
Holdings
Withdrawn status Lost status Damaged status Not for loan Home library Current library Date acquired Source of acquisition Cost, normal purchase price Total Checkouts Full call number Barcode Date last seen Copy number Cost, replacement price Price effective from Koha item type Public note
Written off       Central Library Central Library 20/06/2015 Cen Lib/Ret 75.00   338.7 GHO A-806374 20/06/2015 1 75.00 20/06/2015 English Books Written off on approval by DLB (By Circulation); dtd 15-06-2023

© Delhi Public Library
Hit Counter
free hit counter